[Event "Reykjavik Open 2017"]
[Site "Reykjavik ISL"]
[Date "2017.04.20"]
[Round "3.39"]
[White "Kolka,Dawid"]
[Black "Karason,A"]
[Result "0-1"]
[WhiteElo "1931"]
[BlackElo "2289"]

1.e4 c5 2.Nf3 d6 3.Bb5+ Nc6 4.Bxc6+ bxc6 5.O-O Bg4 6.c3 e6 7.h3 Bh5 8.d4 d5
9.e5 Qb6 10.Nbd2 cxd4 11.cxd4 a5 12.b3 c5 13.Bb2 Be7 14.Rc1 c4 15.Qc2 Bg6
16.Qc3 Bb4 17.Qe3 cxb3 18.Qxb3 a4 19.Qe3 Ne7 20.Nh4 Nf5 21.Nxf5 Bxf5 22.Nf3 a3
23.Bc3 Be7 24.Nd2 O-O 25.f4 h5 26.Qe2 h4 27.Nb3 Rfc8 28.Qd2 Ra4 29.Ba5 Qa6
30.Rxc8+ Qxc8 31.Rc1 Rc4 32.Bb6 Bb4 33.Qe3 Rxc1+ 34.Nxc1 Qc2 35.Nb3 Qxa2
36.Bc5 Be4 {#R} 0-1

[Event "Reykjavik Open 2017"]
[Site "Reykjavik ISL"]
[Date "2017.04.20"]
[Round "3.40"]
[White "Burrows,M"]
[Black "Blomqvist,E"]
[Result "1-0"]
[WhiteElo "2113"]
[BlackElo "2548"]

1.e4 c5 2.Nf3 e6 3.d4 cxd4 4.Nxd4 a6 5.Bd3 Bc5 6.Nb3 Be7 7.Qg4 g6 8.Qe2 d6
9.O-O Nd7 10.a4 Qc7 11.a5 Ne5 12.h3 Bd7 13.Nc3 Rc8 14.Kh1 h5 15.f4 Nxd3
16.cxd3 Bc6 17.Nd4 Nf6 18.f5 gxf5 19.exf5 e5 20.Nxc6 bxc6 21.d4 exd4 22.Ne4
Kd7 23.Ng5 Rhf8 24.Qxa6 Ra8 25.Qc4 Rxa5 26.Bd2 Rxa1 27.Rxa1 Qb6 28.Ra6 Qc5
29.Qa4 Rc8 30.Ra5 Qb6 31.Qa2 d5 32.Nxf7 Ne4 33.Ne5+ Ke8 34.Be1 Bd6 35.Nd3 Qd8
36.Qa4 Qd7 37.Qxd4 Qxf5 38.Kg1 Kf7 39.Ra7+ Rc7 40.Rxc7+ Bxc7 41.Qa7 {#r} 1-0

[Event "Reykjavik Open 2017"]
[Site "Reykjavik ISL"]
[Date "2017.04.20"]
[Round "3.44"]
[White "Prieto,Alberto"]
[Black "Gislason,G"]
[Result "0-1"]
[WhiteElo "1999"]
[BlackElo "2314"]

1.d4 g6 2.Nf3 Bg7 3.c4 Nf6 4.Nc3 O-O 5.e4 d6 6.Be2 c5 7.O-O cxd4 8.Nxd4 Nc6
9.Be3 Bd7 10.h3 Rc8 11.Qd2 a6 12.Rac1 b5 13.cxb5 Nxd4 14.Bxd4 axb5 15.Qe3 Qa5
16.a3 e5 17.Bb6 Qa8 18.Rfd1 Bc6 19.Rxd6 Nxe4 20.Nxe4 Bxe4 21.f3 Bc6 22.Qb3 e4
23.Bd4 Bd5 24.Rxc8 Bxd4+ 25.Kh1 Rxc8 26.Rxd5 Rc1+ 27.Kh2 Bg1+ 28.Kg3 Qa7
29.Bd1 Qf2+ 30.Kf4 Bh2+ 31.Kxe4 Qe1+ 32.Qe3 f5+ {#R} 0-1

[Event "Reykjavik Open 2017"]
[Site "Reykjavik ISL"]
[Date "2017.04.20"]
[Round "3.45"]
[White "Kniest,O"]
[Black "Runarsson,G"]
[Result "1-0"]
[WhiteElo "2301"]
[BlackElo "2006"]

1.d4 Nf6 2.c4 g6 3.Nc3 c5 4.d5 b5 5.cxb5 a6 6.bxa6 Bxa6 7.e4 Bxf1 8.Kxf1 d6
9.Nf3 Nbd7 10.g3 Bg7 11.Kg2 O-O 12.a4 Qb6 13.Qe2 Ng4 14.Nd2 h5 15.h3 Ngf6
16.Nc4 Qb7 17.Bd2 Ra6 18.Nb5 Rfa8 19.b3 Ne8 20.Rad1 Nc7 21.Nxc7 Qxc7 22.a5 Qb7
23.Rb1 e6 24.dxe6 fxe6 25.b4 cxb4 26.Rxb4 Qc6 27.Rc1 Nc5 28.f3 d5 29.Nb6 R8a7
30.Rb5 dxe4 31.Rbxc5 exf3+ 32.Qxf3 Qd6 33.Bb4 Qd4 34.Rc8+ Kh7 35.Bc3 Qd6
36.Rd1 Qe7 37.Rdd8 e5 38.Qd5 Qa3 39.Qg8+ Kh6 40.Bd2+ g5 41.Rc6+ {#r} 1-0

[Event "Reykjavik Open 2017"]
[Site "Reykjavik ISL"]
[Date "2017.04.20"]
[Round "3.46"]
[White "Sigurjonsson,Si"]
[Black "Kleinman,Michael"]
[Result "0-1"]
[WhiteElo "1997"]
[BlackElo "2289"]

1.Nf3 c5 2.c4 Nf6 3.Nc3 b6 4.g3 Bb7 5.Bg2 g6 6.O-O Bg7 7.e3 O-O 8.d4 Ne4
9.Nxe4 Bxe4 10.Bd2 d5 11.cxd5 cxd4 12.Nxd4 Bxg2 13.Kxg2 Bxd4 14.exd4 Qxd5+
15.Qf3 Rd8 16.Bc3 Nc6 17.Rad1 Rd7 18.Rd2 Rad8 19.Rfd1 b5 20.a3 a5 21.b4 axb4
22.axb4 e6 23.Qxd5 Rxd5 24.Kf3 Ra8 25.Rd3 Ra4 26.Rb1 Ne5+ {#R} 0-1

[Event "Reykjavik Open 2017"]
[Site "Reykjavik ISL"]
[Date "2017.04.20"]
[Round "3.48"]
[White "Le Goff,D"]
[Black "Byrne,Alex"]
[Result "1-0"]
[WhiteElo "2278"]
[BlackElo "1976"]

1.Nf3 Nf6 2.g3 g6 3.Bg2 d5 4.O-O Bg7 5.c4 c6 6.d4 O-O 7.cxd5 cxd5 8.Nc3 Nc6
9.Ne5 Qb6 10.Na4 Qd8 11.Nxc6 bxc6 12.Bd2 Nd7 13.Bb4 Rb8 14.Ba3 Nb6 15.Nxb6
axb6 16.Rc1 Bb7 17.e3 Re8 18.f4 e6 19.g4 Rc8 20.Rf2 Bf6 21.Qb3 Ba6 22.Bf1 Bxf1
23.Kxf1 Be7 24.Bxe7 Qxe7 25.Qxb6 Qh4 26.Rg2 Qh3 27.Qb3 Rb8 28.Qc3 Rec8 29.b3
Rb5 30.Kg1 c5 31.Rg3 Qh4 32.a4 Rb7 33.dxc5 Rcb8 34.c6 Rc7 35.b4 Qe7 36.b5 Ra7
37.c7 Rc8 38.b6 Rb7 39.a5 Qd6 40.Qc5 {#r} 1-0

[Event "Reykjavik Open 2017"]
[Site "Reykjavik ISL"]
[Date "2017.04.20"]
[Round "3.49"]
[White "Maisuradze,N"]
[Black "Mai,Aron Thor"]
[Result "1-0"]
[WhiteElo "2273"]
[BlackElo "1956"]

1.d4 Nf6 2.c4 g6 3.Nc3 Bg7 4.e4 d6 5.f4 O-O 6.Nf3 c5 7.d5 e6 8.Be2 exd5 9.cxd5
Nbd7 10.O-O c4 11.Bxc4 Nc5 12.e5 dxe5 13.fxe5 Ng4 14.Qd4 Qb6 15.h3 Nh6 16.g4
Qa5 17.b4 Qxb4 18.Rb1 Qa5 19.Rb5 Qd8 20.Rxc5 a6 21.d6 Kh8 22.Rc7 Bd7 23.Bg5
Qe8 24.Be7 Rg8 25.Ng5 Be6 26.Nxe6 {#r} 1-0

[Event "Reykjavik Open 2017"]
[Site "Reykjavik ISL"]
[Date "2017.04.20"]
[Round "3.50"]
[White "Moller,Mikael"]
[Black "Rajdeep,Sarkar"]
[Result "0-1"]
[WhiteElo "1965"]
[BlackElo "2273"]

1.e4 e5 2.Nf3 Nc6 3.Bb5 g6 4.O-O Bg7 5.c3 a6 6.Ba4 d6 7.Re1 Bd7 8.d4 Qe7 9.d5
Nd8 10.c4 Nf6 11.Nc3 O-O 12.b4 h6 13.h3 Bxa4 14.Qxa4 Nd7 15.Qc2 f5 16.exf5
gxf5 17.Nd4 Qf6 18.Nb3 Qh4 19.Qe2 Nf7 20.Bd2 Ng5 21.a3 e4 22.c5 Ne5 23.Bxg5
hxg5 24.Rec1 g4 25.Kh2 gxh3 {#R} 0-1

[Event "Reykjavik Open 2017"]
[Site "Reykjavik ISL"]
[Date "2017.04.20"]
[Round "3.51"]
[White "Webb,L"]
[Black "Jacobsen,Heidrikur T."]
[Result "1-0"]
[WhiteElo "2271"]
[BlackElo "1951"]

1.d4 Nf6 2.c4 g6 3.Nc3 Bg7 4.e4 d6 5.Nf3 O-O 6.Be2 Nc6 7.O-O e5 8.d5 Ne7 9.b4
Nh5 10.a4 f5 11.Ng5 h6 12.Ne6 Bxe6 13.dxe6 c6 14.Qb3 Kh7 15.Rd1 fxe4 16.Nxe4
Nf5 17.Be3 Qe7 18.b5 c5 19.Ra2 Qxe6 20.Qd3 Nd4 21.h3 Nf6 22.Nxf6+ Qxf6 23.Qe4
Rab8 24.Bd3 Qf5 25.Qd5 Qe6 26.Qxe6 Nxe6 27.Be4 Nd4 28.h4 h5 29.g4 hxg4 30.h5
Bh6 31.hxg6+ Kg7 32.Kg2 Bf4 33.Rh1 Rh8 34.Raa1 b6 35.a5 Rxh1 36.Rxh1 Rh8
37.axb6 axb6 38.Ra1 Rh2+ 39.Kf1 g3 40.Ra7+ Kf6 41.Rf7+ Kg5 42.g7 {#r} 1-0

[Event "Reykjavik Open 2017"]
[Site "Reykjavik ISL"]
[Date "2017.04.20"]
[Round "3.52"]
[White "Mulleady,Peter J"]
[Black "Guezennec,F"]
[Result "0-1"]
[WhiteElo "1949"]
[BlackElo "2271"]

1.d4 Nf6 2.Nf3 c5 3.c3 e6 4.e3 b6 5.Be2 Bb7 6.O-O d6 7.b4 cxb4 8.cxb4 Nbd7
9.Nc3 Be7 10.a4 O-O 11.Ba3 Rc8 12.Qd2 a6 13.Rac1 Rc7 14.b5 a5 15.Nb1 Ne4
16.Qd3 Ndf6 17.Rxc7 Qxc7 18.Rc1 Qb8 19.Nfd2 Rc8 20.f3 Rxc1+ 21.Bxc1 Nxd2
22.Bxd2 h5 23.e4 Nd7 24.Nc3 Bf6 25.f4 Be7 26.Bxh5 Qc8 27.Bd1 Nf6 28.Bc2 e5
29.Nd5 Bxd5 30.exd5 exd4 31.Be1 g6 32.Bd1 Nxd5 33.Qxd4 Qc5 34.Bf2 Nc3 35.Qd3
Qb4 36.Bxb6 Bf6 37.f5 gxf5 38.Bc2 Ne4 39.Be3 Qe1+ {#R} 0-1

[Event "Reykjavik Open 2017"]
[Site "Reykjavik ISL"]
[Date "2017.04.20"]
[Round "3.53"]
[White "Gorti,Akshita"]
[Black "Meyer,Juergen"]
[Result "1-0"]
[WhiteElo "2261"]
[BlackElo "1944"]

1.d4 f5 2.Bf4 Nf6 3.e3 g6 4.h4 Bg7 5.h5 d6 6.h6 Bf8 7.c4 e6 8.Nc3 Nc6 9.Nf3
Nh5 10.d5 e5 11.dxc6 exf4 12.Qd4 Qf6 13.Nd5 Qxd4 14.Nxd4 Kd8 15.Be2 bxc6
16.Nxc6+ Kd7 17.Bxh5 gxh5 18.Nd4 fxe3 19.fxe3 c6 20.Nf4 Ba6 21.b3 Bxh6
22.O-O-O Bxf4 23.exf4 Raf8 24.Rxh5 c5 25.Nxf5 Rf6 26.Rg5 Rg6 27.Rxg6 {#r} 1-0

[Event "Reykjavik Open 2017"]
[Site "Reykjavik ISL"]
[Date "2017.04.20"]
[Round "3.54"]
[White "Eiriksson,S"]
[Black "Vaishali,R"]
[Result "0-1"]
[WhiteElo "1928"]
[BlackElo "2259"]

1.e4 e5 2.Nf3 d6 3.Nc3 Nf6 4.Bc4 Be7 5.h3 O-O 6.O-O Nc6 7.d3 Na5 8.Bb3 Nxb3
9.axb3 h6 10.Be3 c5 11.Qd2 Be6 12.Ne2 Nh7 13.Ng3 Ng5 14.Nxg5 hxg5 15.b4 g6
16.bxc5 dxc5 17.Qe2 Kg7 18.Bd2 Rh8 19.Bc3 f6 20.f3 c4 21.Bd2 cxd3 22.cxd3 Bc5+
23.Be3 Qb6 {#R} 0-1

[Event "Reykjavik Open 2017"]
[Site "Reykjavik ISL"]
[Date "2017.04.20"]
[Round "3.56"]
[White "Magnussen,P"]
[Black "Risting,Eivind Olav"]
[Result "0-1"]
[WhiteElo "1909"]
[BlackElo "2250"]

1.e4 e6 2.Qe2 c5 3.Nf3 Nc6 4.g3 g6 5.Nc3 d6 6.Bg2 Bg7 7.a4 Nge7 8.d3 O-O 9.O-O
Rb8 10.Bf4 e5 11.Be3 f5 12.Qd2 Nd4 13.Bg5 Ne6 14.Bxe7 Qxe7 15.Nd5 Qd8 16.a5 f4
17.b4 g5 18.Rfb1 g4 19.Ne1 Bh6 20.Qd1 Ng5 21.bxc5 dxc5 22.Rb5 fxg3 23.hxg3 Qe8
24.Rxc5 Qf7 25.Qe2 Ne6 26.Rxc8 Rbxc8 27.Qxg4+ Kh8 28.Kh2 Bg7 29.c3 Nc7 30.Ne3
Nb5 31.c4 Nd4 32.f3 Bh6 33.Nd5 Bd2 34.f4 exf4 35.gxf4 Bxf4+ 36.Kg1 Be5 37.Ra2
Rc6 38.Qg5 Re6 {#R} 0-1

[Event "Reykjavik Open 2017"]
[Site "Reykjavik ISL"]
[Date "2017.04.20"]
[Round "3.57"]
[White "Kiese,M"]
[Black "Agustsson,H"]
[Result "1-0"]
[WhiteElo "2247"]
[BlackElo "1921"]

1.d4 d5 2.Nf3 Nf6 3.c4 e6 4.Nc3 Be7 5.Bg5 O-O 6.e3 b6 7.Rc1 c5 8.cxd5 cxd4
9.Nxd4 exd5 10.Be2 Bb7 11.O-O Nbd7 12.Nf5 Nc5 13.Qd4 Ne6 14.Qh4 Nxg5 15.Qxg5
g6 16.Nxe7+ Qxe7 17.Rfd1 Rfd8 18.Rd4 Kg7 19.h4 h6 20.Qf4 Rac8 21.Rcd1 a6
22.Bf3 Rc5 23.a3 Rdc8 24.Nxd5 Nxd5 25.Bxd5 Bxd5 26.Rxd5 Rxd5 27.Rxd5 Rc1+
28.Kh2 Rc2 29.Qd4+ Kh7 30.Rd8 Qc7+ 31.f4 g5 32.h5 {#r} 1-0

[Event "Reykjavik Open 2017"]
[Site "Reykjavik ISL"]
[Date "2017.04.20"]
[Round "3.58"]
[White "Zybura,Andre"]
[Black "Plotkin,V"]
[Result "0-1"]
[WhiteElo "1894"]
[BlackElo "2243"]

1.e4 e5 2.Bc4 Nf6 3.d4 exd4 4.Nf3 Nc6 5.O-O d6 6.c3 Be7 7.cxd4 Nxe4 8.Nc3 Nxc3
9.bxc3 O-O 10.Re1 Bf6 11.Bf4 Bf5 12.Qd2 Qd7 13.Bg5 Bxg5 14.Qxg5 h6 15.Qh5 Bg4
16.Qh4 Bxf3 17.gxf3 Rfe8 18.Qh5 Kf8 19.Re4 Rxe4 20.fxe4 Re8 21.Re1 Nd8 22.Re3
c6 23.Rf3 Rxe4 24.Rg3 Qe7 25.Qf5 Re1+ 26.Kg2 Qe4+ {#R} 0-1

[Event "Reykjavik Open 2017"]
[Site "Reykjavik ISL"]
[Date "2017.04.20"]
[Round "3.61"]
[White "Thorsteinsson,Hilmar"]
[Black "Edvardsson,K"]
[Result "0-1"]
[WhiteElo "1875"]
[BlackElo "2228"]

1.c4 g6 2.Nc3 Bg7 3.g3 f5 4.Bg2 Nf6 5.d3 O-O 6.e4 fxe4 7.dxe4 d6 8.Nge2 Nc6
9.O-O Kh8 10.f4 a5 11.b3 a4 12.bxa4 Be6 13.Rb1 Bxc4 14.Rxb7 e5 15.Nd5 Nd4
16.Nxd4 Bxf1 17.Bxf1 exd4 18.Nxc7 Qc8 19.Qb3 Nxe4 20.Ba3 Rxa4 21.Bg2 Rxa3
22.Qb4 Rc3 {#R} 0-1

[Event "Reykjavik Open 2017"]
[Site "Reykjavik ISL"]
[Date "2017.04.20"]
[Round "3.62"]
[White "Ristoja,S"]
[Black "Breidfjord,P"]
[Result "1-0"]
[WhiteElo "2228"]
[BlackElo "1866"]

1.e4 e5 2.Nf3 Nc6 3.Bb5 a6 4.Ba4 b5 5.Bb3 Nf6 6.d3 Be7 7.Nc3 O-O 8.Nd5 d6
9.Nxe7+ Qxe7 10.Bg5 Be6 11.Qd2 a5 12.c3 Nd8 13.O-O Bxb3 14.axb3 Ne6 15.Nh4
Nxg5 16.Qxg5 Nd5 17.Qg4 Nf4 18.Nf5 Qf6 19.Rfd1 h5 20.Qf3 g6 21.Ne3 g5 22.Nf5
Rfd8 23.h3 Kh7 24.Kf1 g4 25.hxg4 Rg8 26.g3 hxg4 27.Qh1+ Nh3 28.f3 Rh8 29.fxg4
Kg6 30.Qf3 Ng5 31.Nh4+ Kg7 32.Qxf6+ Kxf6 33.Ke2 Ne6 34.Rf1+ Ke7 35.Nf5+ Kd7
36.Rf2 c5 37.Ne3 Ng5 38.Nd5 Raf8 39.Rxa5 {#r} 1-0

[Event "Reykjavik Open 2017"]
[Site "Reykjavik ISL"]
[Date "2017.04.20"]
[Round "3.64"]
[White "Jonsson,Pall G"]
[Black "Hill,Alistair"]
[Result "0-1"]
[WhiteElo "1833"]
[BlackElo "2209"]

1.b4 e5 2.Bb2 Bxb4 3.Bxe5 Nf6 4.e3 d5 5.h3 c5 6.Nf3 Nc6 7.Bb2 Bf5 8.Be2 O-O
9.O-O d4 10.d3 dxe3 11.fxe3 Bg6 12.Nh4 Nd5 13.Nxg6 Nxe3 14.Qc1 Nxf1 15.Nxf8
Ng3 16.Bf3 Nd4 17.Qd1 Qe7 18.Bxd4 cxd4 19.a3 Qe3+ 20.Kh2 Bd6 21.c4 Ne4+ {#R}
0-1

[Event "Reykjavik Open 2017"]
[Site "Reykjavik ISL"]
[Date "2017.04.20"]
[Round "3.65"]
[White "Louis,T"]
[Black "Briem,Stephan"]
[Result "1-0"]
[WhiteElo "2202"]
[BlackElo "1865"]

1.e4 d5 2.exd5 Qxd5 3.Nf3 Bg4 4.Be2 Nc6 5.d4 O-O-O 6.c4 Qf5 7.Be3 Bxf3 8.Bxf3
Nxd4 9.Bg4 Nc2+ 10.Qxc2 Qxg4 11.O-O e6 12.Qa4 a6 13.h3 Qf5 14.b4 Bd6 15.Na3
Nf6 16.c5 Be5 17.b5 axb5 18.Nxb5 Nd5 19.c6 bxc6 20.Na7+ Kd7 21.Nxc6 Bd6
22.Nd4+ {#r} 1-0

[Event "Reykjavik Open 2017"]
[Site "Reykjavik ISL"]
[Date "2017.04.20"]
[Round "3.68"]
[White "Mai,Alexander Oliver"]
[Black "Laustsen,L"]
[Result "0-1"]
[WhiteElo "1813"]
[BlackElo "2169"]

1.e4 c5 2.Nf3 d6 3.Bb5+ Bd7 4.Bxd7+ Qxd7 5.O-O Nf6 6.Re1 Nc6 7.c3 e6 8.d4 cxd4
9.cxd4 d5 10.e5 Ne4 11.Nbd2 Nxd2 12.Bxd2 Be7 13.Rc1 O-O 14.Rc3 Rfc8 15.a3 Bd8
16.Qe2 Rc7 17.Rec1 Rac8 18.Qd3 Ne7 19.Rxc7 Rxc7 20.Rxc7 Qxc7 21.Qc3 Nc6 22.Bg5
Nxd4 23.Qxd4 Bxg5 24.h4 Qc1+ 25.Kh2 Qf4+ 26.Qxf4 Bxf4+ 27.g3 Bc1 {#R} 0-1

[Event "Reykjavik Open 2017"]
[Site "Reykjavik ISL"]
[Date "2017.04.20"]
[Round "3.70"]
[White "Hart,Alexander"]
[Black "Barillaro,L"]
[Result "0-1"]
[WhiteElo "1806"]
[BlackElo "2164"]

1.d4 d5 2.c4 e6 3.g3 Nf6 4.Nf3 Be7 5.Bg2 O-O 6.O-O c6 7.Nbd2 b5 8.cxb5 cxb5
9.Ne5 Nfd7 10.Nd3 Nc6 11.Nf3 Qb6 12.Be3 Bb7 13.Qd2 a5 14.Rfc1 Rac8 15.Nf4 Rfd8
16.Bh3 Nf8 17.g4 a4 18.Ne5 Nxe5 19.Rxc8 Bxc8 20.dxe5 d4 {#R} 0-1

[Event "Reykjavik Open 2017"]
[Site "Reykjavik ISL"]
[Date "2017.04.20"]
[Round "3.71"]
[White "Motycakova,M"]
[Black "Berg,Margar M."]
[Result "1-0"]
[WhiteElo "2162"]
[BlackElo "1813"]

1.e4 c5 2.Nf3 d6 3.d4 cxd4 4.Nxd4 Nf6 5.Nc3 a6 6.Be2 e5 7.Nb3 Be6 8.O-O b5
9.Bg5 Nbd7 10.a4 b4 11.Nd5 Bxd5 12.exd5 h6 13.Be3 a5 14.f4 Qc7 15.Bb5 Be7
16.fxe5 dxe5 17.Rc1 Qd6 18.Bc5 Qxd5 19.Qxd5 Nxd5 20.Rcd1 Bxc5+ 21.Nxc5 Ne3
22.Rxd7 O-O 23.Re1 Rac8 24.Rxe3 Rxc5 25.c3 bxc3 26.bxc3 f5 27.c4 e4 28.Ra7 Re5
29.Rxa5 f4 30.Re1 g5 31.Ra7 g4 32.Bc6 e3 33.Bd5+ Kh8 34.Ra8 Kg7 35.Rxf8 Kxf8
{#r} 1-0

[Event "Reykjavik Open 2017"]
[Site "Reykjavik ISL"]
[Date "2017.04.20"]
[Round "3.72"]
[White "Heimisson,Hilmir Freyr"]
[Black "Puglia,Francesco"]
[Result "1-0"]
[WhiteElo "2152"]
[BlackElo "1809"]

1.d4 Nf6 2.Nf3 g6 3.g3 Bg7 4.Bg2 O-O 5.O-O d5 6.c4 c5 7.cxd5 cxd4 8.Nxd4 Nxd5
9.Nc3 Nxc3 10.bxc3 Qa5 11.Nb3 Qxc3 12.Ba3 Qc7 13.Rc1 Nc6 14.Qc2 Bh6 15.e3 Bf5
16.Qc4 Rac8 17.Bb2 Bg7 18.Bxg7 Kxg7 19.Nd4 Bd7 20.Rb1 a6 21.Rfc1 e5 22.Nb3 Be6
23.Qc3 Rfd8 24.Nc5 Bxa2 25.Rxb7 Qa5 26.Bh3 Qxc3 27.Rxc3 Rb8 28.Rc7 Nb4 29.Be6
Rd1+ 30.Kg2 Bxe6 31.Nxe6+ Kf6 32.Nc5 Rbd8 33.Rb7 a5 34.Ne4+ Kg7 35.Rcc7 Rf8
36.Ng5 Na6 37.Re7 Kf6 38.Nxh7+ {#r} 1-0

[Event "Reykjavik Open 2017"]
[Site "Reykjavik ISL"]
[Date "2017.04.20"]
[Round "3.73"]
[White "Muhr,Andreas"]
[Black "Kvamme,J"]
[Result "0-1"]
[WhiteElo "1801"]
[BlackElo "2151"]

1.Nc3 c5 2.Ne4 d6 3.e3 Nc6 4.b3 e5 5.c4 f5 6.Nc3 Nf6 7.Bb2 Be7 8.h4 O-O 9.Nh3
f4 10.Ng5 Bf5 11.e4 Bd7 12.Be2 Nd4 13.Nd5 Nxd5 14.Bxd4 exd4 15.cxd5 Bxg5
16.hxg5 Qxg5 17.Rh2 Rae8 18.Qc2 f3 19.Bf1 Qe5 {#R} 0-1

[Event "Reykjavik Open 2017"]
[Site "Reykjavik ISL"]
[Date "2017.04.20"]
[Round "3.76"]
[White "Sigeman,J"]
[Black "Axelsson,T"]
[Result "1-0"]
[WhiteElo "2138"]
[BlackElo "1799"]

1.c4 b6 2.d4 Bb7 3.Nc3 e6 4.a3 Nf6 5.d5 exd5 6.cxd5 Be7 7.e4 O-O 8.e5 Ne8
9.Bd3 d6 10.f4 Nd7 11.Nf3 dxe5 12.fxe5 Nc5 13.Bc2 Ba6 14.b4 Nd7 15.b5 Bb7
16.O-O a6 17.bxa6 Bxa6 18.Re1 Bc5+ 19.Kh1 h6 20.Nd4 Qh4 21.Re4 Qd8 22.Nc6 Qc8
23.Be3 Kh8 24.Bxh6 g6 25.Rh4 Ng7 26.Qd2 Nxe5 27.Bxg7+ Kxg7 28.Qh6+ Kf6 29.Rf4+
{#r} 1-0

[Event "Reykjavik Open 2017"]
[Site "Reykjavik ISL"]
[Date "2017.04.20"]
[Round "3.77"]
[White "Doknjas,Joshua"]
[Black "Doknjas,Neil"]
[Result "1-0"]
[WhiteElo "2123"]
[BlackElo "1784"]

1.e4 c5 2.Nf3 d6 3.d4 cxd4 4.Nxd4 Nf6 5.Nc3 a6 6.h3 b5 7.g4 Bb7 8.Bg2 e5 9.Nf5
g6 10.Ne3 h5 11.g5 Nh7 12.h4 Be7 13.Ned5 Nc6 14.Be3 Qb8 15.Nb6 Ra7 16.a4 b4
17.Ncd5 a5 18.Bh3 Ba6 19.Nxe7 Rxe7 20.Qd5 Bb7 21.Qb5 O-O 22.Nd7 Rxd7 23.Bxd7
Qc7 24.Bxc6 Bxc6 25.Qd3 Qb7 26.f3 d5 27.Rh2 dxe4 28.fxe4 Bxe4 29.Qb5 Qc7
30.O-O-O Bf3 31.Rd7 Qc8 32.Rdd2 Qe6 33.b3 Rc8 34.Qd7 Qa6 35.Rhf2 e4 36.Rd6 Qa8
37.Rfd2 Nf8 38.Qe7 Re8 39.Rd8 Rxe7 40.Rxa8 f5 41.gxf6 {#r} 1-0

[Event "Reykjavik Open 2017"]
[Site "Reykjavik ISL"]
[Date "2017.04.20"]
[Round "3.79"]
[White "Dietzsch,H"]
[Black "Magnusson,Thorsteinn"]
[Result "0-1"]
[WhiteElo "2106"]
[BlackElo "1489"]

1.e4 e6 2.d4 d5 3.Nc3 Bb4 4.e5 c5 5.Bd2 Ne7 6.Nb5 Bxd2+ 7.Qxd2 O-O 8.f4 a6
9.Nd6 Nbc6 10.dxc5 f6 11.exf6 Rxf6 12.Nf3 b6 13.Nxc8 Nxc8 14.cxb6 Qxb6
15.O-O-O Nd6 16.Bd3 Rb8 17.b3 Nb4 18.Kb2 a5 19.g3 a4 20.Ne5 Nxd3+ 21.Qxd3 Qb4
22.Nc6 Nc4+ 23.Ka1 Qa3 24.Rb1 axb3 25.Rxb3 Rxb3 26.Qxb3 Qc5 27.Qb8+ Rf8 28.Qc7
Qa3 29.Qb7 Qc3+ 30.Kb1 Na3+ 31.Kc1 Qxc2# 0-1

[Event "Reykjavik Open 2017"]
[Site "Reykjavik ISL"]
[Date "2017.04.20"]
[Round "3.81"]
[White "Vistisen,L"]
[Black "Heidarsson,Arnar"]
[Result "1-0"]
[WhiteElo "2097"]
[BlackElo "1391"]

1.e4 e5 2.Nf3 Nc6 3.d4 exd4 4.Nxd4 Nxd4 5.Qxd4 Nf6 6.e5 Qe7 7.Be2 Ng8 8.Nc3 c6
9.Ne4 Qb4+ 10.Qxb4 Bxb4+ 11.c3 Be7 12.Nd6+ Bxd6 13.exd6 h6 14.Be3 b6 15.Bd4 f6
16.Bh5+ Kf8 17.b4 Ba6 18.a4 Bc4 19.a5 b5 20.a6 Bf7 21.Bg4 Be6 22.Bf3 h5 23.Ra5
Nh6 24.Rxb5 Re8 25.Rb7 c5 26.Bxc5 Bd5+ 27.Kd2 Bxb7 28.axb7 g6 29.Re1 Kf7
30.Bd5+ {#r} 1-0

[Event "Reykjavik Open 2017"]
[Site "Reykjavik ISL"]
[Date "2017.04.20"]
[Round "3.82"]
[White "Tijssens,Rob"]
[Black "Haessel,D"]
[Result "0-1"]
[WhiteElo "1799"]
[BlackElo "2095"]

1.d4 Nf6 2.c4 g6 3.g3 c6 4.Bg2 d5 5.cxd5 cxd5 6.Nf3 Bg7 7.Nc3 O-O 8.O-O Ne4
9.Qb3 Nc6 10.Rd1 Nxc3 11.bxc3 Na5 12.Qb4 Bf5 13.Nd2 Rc8 14.Re1 e5 15.e3 Re8
16.Bb2 e4 17.Bf1 a6 18.Ba3 Re6 19.Rab1 Rec6 20.Bb2 b5 21.Ba1 Bf8 22.Qb2 Bd6
23.a4 b4 24.Nb3 bxc3 25.Qc2 Nc4 26.Bxc4 Rxc4 27.Nc1 Bd7 28.Ne2 Bxa4 29.Qa2 c2
30.Rbc1 Bb4 31.Bc3 Rxc3 32.Nxc3 Bxc3 33.Qxa4 Bxe1 34.Rxc2 Rxc2 35.Qxc2 Qf6
{#R} 0-1

[Event "Reykjavik Open 2017"]
[Site "Reykjavik ISL"]
[Date "2017.04.20"]
[Round "3.85"]
[White "Saren,Bjorn"]
[Black "Petursson,Armann"]
[Result "1-0"]
[WhiteElo "2067"]
[BlackElo "1227"]

1.e4 c5 2.Nf3 e6 3.d4 cxd4 4.Nxd4 Nc6 5.Nc3 Qc7 6.Be3 a6 7.Qd2 Nf6 8.f3 b5
9.g4 Bb7 10.g5 Nh5 11.O-O-O Na5 12.Kb1 Nc4 13.Bxc4 Qxc4 14.Ndxb5 Qc6 15.Na7
Qc7 16.Bb6 Qd6 17.Qxd6 Bxd6 18.Rxd6 {#r} 1-0

[Event "Reykjavik Open 2017"]
[Site "Reykjavik ISL"]
[Date "2017.04.20"]
[Round "3.86"]
[White "Ontiveros,John"]
[Black "Birkisson,Bjorn Holm"]
[Result "0-1"]
[WhiteElo "1741"]
[BlackElo "2057"]

1.d4 d5 2.c4 c6 3.Nc3 Nf6 4.Nf3 a6 5.e3 e6 6.cxd5 exd5 7.Be2 Bd6 8.O-O O-O
9.a3 Bf5 10.Nh4 Be6 11.Bd2 Ne4 12.Nf3 Nd7 13.Re1 f5 14.Na4 g5 15.Bb4 Qe7
16.Bxd6 Qxd6 17.Nc3 g4 18.Nxe4 fxe4 19.Ne5 Nxe5 20.dxe5 Qd7 21.Rf1 Qg7 22.Kh1
Kh8 23.f4 gxf3 24.gxf3 exf3 25.Rxf3 Bf5 26.Bd3 Bxd3 27.Rxf8+ Qxf8 28.Qxd3 Qf3+
{#R} 0-1

[Event "Reykjavik Open 2017"]
[Site "Reykjavik ISL"]
[Date "2017.04.20"]
[Round "3.90"]
[White "Persson,Ande"]
[Black "Meier,Ger"]
[Result "1-0"]
[WhiteElo "2078"]
[BlackElo "1779"]

1.d4 Nf6 2.c4 e5 3.dxe5 Ng4 4.Bf4 Bb4+ 5.Nc3 Nc6 6.Nf3 Bxc3+ 7.bxc3 Qe7 8.Qd5
f6 9.exf6 Nxf6 10.Qd3 d6 11.g3 Be6 12.Nd4 Na5 13.Nxe6 Qxe6 14.Bg2 O-O-O 15.Rb1
d5 16.c5 Nc4 17.h4 Qc6 18.Qxc4 dxc4 19.Bxc6 bxc6 20.Rb4 Rd5 21.Rxc4 Rhd8
22.O-O Nd7 23.Be3 Ne5 24.Ra4 Kb8 25.Rb1+ Ka8 26.Rb3 Rb8 27.Bd4 g6 28.Rxb8+
Kxb8 29.e4 {#r} 1-0

[Event "Reykjavik Open 2017"]
[Site "Reykjavik ISL"]
[Date "2017.04.20"]
[Round "3.91"]
[White "Zemlickova,Olena"]
[Black "Marhoefer,Daniel"]
[Result "1-0"]
[WhiteElo "2053"]
[BlackElo "1714"]

1.d4 f5 2.g3 Nf6 3.Bg2 g6 4.c4 Bg7 5.Nc3 O-O 6.Nh3 h6 7.O-O Kh7 8.Qd3 d6 9.d5
Nbd7 10.Qc2 Ne5 11.b3 Rb8 12.Bb2 e6 13.dxe6 Bxe6 14.Rad1 a6 15.Nf4 Bd7 16.Ncd5
Nxd5 17.Nxd5 b5 18.cxb5 Rxb5 19.Qxc7 Rxd5 20.Qxd8 Rxd1 21.Qb6 Rd2 22.Bxe5 dxe5
23.Qxa6 Rc8 24.a4 Rcc2 25.Bb7 e4 26.e3 Rb2 27.Qc4 Rbc2 28.Qf7 h5 29.Bd5 Bc8
30.Bc4 Kh6 31.h4 Be5 32.Qf8+ {#r} 1-0

[Event "Reykjavik Open 2017"]
[Site "Reykjavik ISL"]
[Date "2017.04.20"]
[Round "3.93"]
[White "Bergsson,St"]
[Black "Gudmundsson,Ei"]
[Result "1-0"]
[WhiteElo "2031"]
[BlackElo "1739"]

1.e4 e5 2.f4 d6 3.Nf3 Nc6 4.d4 Nxd4 5.Nxd4 exd4 6.Qxd4 Qf6 7.Qd1 Bd7 8.Nc3 Ne7
9.Bc4 Bc6 10.O-O g6 11.e5 Qf5 12.exd6 Qc5+ 13.Kh1 cxd6 14.Bb3 O-O-O 15.Bxf7
Bg7 16.Qe2 Nf5 17.Be6+ Kb8 18.Bxf5 Qxf5 19.Qf2 Rhf8 20.Be3 b6 21.Rad1 Rf7
22.Bd4 Bh6 23.Bxb6 axb6 24.Qxb6+ Bb7 {#r} 1-0